A BM HEROS Javító, Gyártó, Szolgáltató és Kereskedelmi Zrt. környezetvédelmi-, illetve hulladékkezelési tevékenységének bemutatása

Bibliographic Details
Main Author: Hutvágner-Végh Ramóna
Other Authors: Németh Dr. Patrícia
Format: Project work
Kulcsszavak:hulladékkezelés
Környezetvédelem
hulladékgazdálkodás
Környezettudatosság
hulladékok
Online Access:http://dolgozattar.uni-bge.hu/4240

MARC

LEADER 00000nnm a2200000 i 4500
001 dolg4240
005 20160125102252.0
008 151207suuuu hu o 000 hun d
040 |a BGE Dolgozattár Repozitórium  |b hun 
041 |a hu 
100 1 |a Hutvágner-Végh Ramóna 
245 1 2 |a A BM HEROS Javító, Gyártó, Szolgáltató és Kereskedelmi Zrt. környezetvédelmi-, illetve hulladékkezelési tevékenységének bemutatása  |c Hutvágner-Végh Ramóna  |h [elektronikus dokumentum] 
246 1 1 |a A BM HEROS Javító, Gyártó, Szolgáltató és Kereskedelmi Zrt. környezetvédelmi-, illetve hulladékkezelési tevékenységének bemutatása 
516 |a Project_work 
695 |a hulladékkezelés 
695 |a Környezetvédelem 
695 |a hulladékgazdálkodás 
695 |a Környezettudatosság 
695 |a hulladékok 
700 1 |a Németh Dr. Patrícia  |e ths 
856 4 0 |u http://dolgozattar.uni-bge.hu/4240/1/Projektdolgozat%202015-Hutv%C3%A1gner-V%C3%A9gh%20Ram%C3%B3na-v%C3%A9gleges.pdf  |z Dokumentum-elérés